000 00754nam a22002297a 4500
003 DO-SdBNP
005 20260305073957.0
007 ta
008 210623e2011 dr ||||er|||| 00| 0 spa d
040 _aDO-SdBNP
_bspa
_cBNPHU
041 1 7 _heng
041 1 7 _hfre
082 4 _222
_bF363e
100 1 _aFernández, Leonel,
_d1953-
_97291
245 1 0 _aEspeculaciones financieras, alimentos y petróleo en los mercados de futuro :
_bpor un nuevo consenso internacional de estabilidad de precios /
_cLeonel Fernández
260 _aSanto Domingo :
_bPresidencia de la República Dominicana,
_c2011.
300 _a74 p. ;
_c21 cm.
546 _aLibro traducido en inglés y francés.
590 _aInventariado, 2021/MF
910 _aMF
942 _2ddc
_cLBS1
999 _c49994
_d49994